| 000 | 00453nam a2200157Ia 4500 | ||
|---|---|---|---|
| 008 | 210716s2014 xx 000 0 und d | ||
| 041 | _aeng | ||
| 082 | _a004 PANP | ||
| 100 | _aPanda, Pramod Prakash. | ||
| 245 |
_aFoundation program: design and analysis of algorithms _bDesign and analysis of algorithms |
||
| 250 | _a1 | ||
| 260 |
_aBangalore _bInfosys Technologies Ltd _c2014 |
||
| 300 | _avi,44 | ||
| 440 | _v3 | ||
| 650 | _aComputer Fundamentals | ||
| 999 |
_c194876 _d194876 |
||